<?xml version="1.0" encoding="UTF-8"?>
<collection xmlns:xsi="http://www.w3.org/2001/XMLSchema-instance" xsi:schemaLocation="http://www.loc.gov/MARC21/slim http://www.loc.gov/standards/marcxml/schema/MARC21slim.xsd" xmlns="http://www.loc.gov/MARC21/slim">
 <record>
  <leader>00000cam a22000003i 4500</leader>
  <controlfield tag="001">UP-1685594773862075958</controlfield>
  <controlfield tag="003">Buklod</controlfield>
  <controlfield tag="005">20240502113254.0</controlfield>
  <controlfield tag="006">g||| |     ||   ||</controlfield>
  <controlfield tag="007">ta</controlfield>
  <controlfield tag="008">170519s2016    caua    rb   |||1 u|eng d</controlfield>
  <datafield tag="020" ind1=" " ind2=" ">
   <subfield code="a">9781483393452</subfield>
  </datafield>
  <datafield tag="035" ind1=" " ind2=" ">
   <subfield code="a">(iLib)UPBAG-00024284153</subfield>
  </datafield>
  <datafield tag="037" ind1=" " ind2=" ">
   <subfield code="a">GRC-3291</subfield>
   <subfield code="b">Forefront</subfield>
   <subfield code="c">Php4,753.00</subfield>
   <subfield code="n">Prof. Bienvenido Marzan</subfield>
  </datafield>
  <datafield tag="040" ind1=" " ind2=" ">
   <subfield code="a">DLC</subfield>
   <subfield code="d">BAG</subfield>
   <subfield code="e">rda</subfield>
  </datafield>
  <datafield tag="041" ind1="0" ind2=" ">
   <subfield code="a">eng</subfield>
  </datafield>
  <datafield tag="090" ind1=" " ind2="0">
   <subfield code="a">JK 765</subfield>
   <subfield code="b">P82 2016</subfield>
  </datafield>
  <datafield tag="245" ind1="0" ind2="0">
   <subfield code="a">Public human resource management</subfield>
   <subfield code="b">problems and prospects</subfield>
   <subfield code="c">edited by  Richard C. Kearney, Jerrell D. Coggburn.</subfield>
  </datafield>
  <datafield tag="250" ind1=" " ind2=" ">
   <subfield code="a">Sixth edition.</subfield>
  </datafield>
  <datafield tag="264" ind1=" " ind2="1">
   <subfield code="a">Thousand Oaks, California</subfield>
   <subfield code="b">CQ Press</subfield>
   <subfield code="c">©2016.</subfield>
  </datafield>
  <datafield tag="300" ind1=" " ind2=" ">
   <subfield code="a">x, 416 pages</subfield>
   <subfield code="b">illustrations</subfield>
   <subfield code="c">23 cm</subfield>
  </datafield>
  <datafield tag="504" ind1=" " ind2=" ">
   <subfield code="a">Includes bibliographical references and index.</subfield>
  </datafield>
  <datafield tag="505" ind1="0" ind2=" ">
   <subfield code="a">Part 1: The Setting ?- 1. Competing Perspectives on Public Personnel Administration: Civil Service, Nonstandard Work Arrangements, Privatization, and Partnerships / Donald E. Klinger, University of Colorado at Colorado Springs ?- 2. What Every Public Sector Human Resource Manager Should Know About the Constitution / David H. Rosenbloom ?- 3. The Death and Life of Productivity Management in Government / Albert Hyde -? 4. Human Resource Management in the Federal Government during a Time of Instability / James R. Thompson -? 5. After the Recession: State Human Resource Management / Sally Coleman Selden -? 6. Strategic Human Resources Management at the Local Level: Balancing Enduring Commitments and Emerging Needs / Heather Getha-Taylor -? 7. The Nonprofit Sector Labor Force / Beth Gazley -? Part 2: Techniques ?- 8. Strategic Human Capital / John E. Pynes, -? 9. Supplanting Common Myths with Uncommon Management: The Effective Involvement of Volunteers in Delivering Public Services / Jeffrey L. Brudney -? 10. Personnel Appraisal No Matter What: Dysfunctional, Detrimental, Dangerous, Self-Defeating / James S. Bowman -? 11. Trends in Public Sector Compensation-Pay Administration / Jared J. Llorens -? 12. Employee Benefits: Patterns And Challenges for Public Organizations / Rex L. Facer II &amp; Lori L. Wadsworth -? 13. Postemployment Benefits: Pensions and Retiree Health Care / Thad Calabrese  &amp; Justin Marlowe -? 14. Motivating Public Service Employees in the New Era of ?New Normal? / Gerald T. Gabris &amp; Trenton J. Davis -? 15. Emotional Labor: The Relational Side of Public Service / Mary Ellen Guy &amp; Meredith A. Newman -? 16. Measuring and Benchmarking Human Resource Management / David N. Ammons -? 17. Managing Employee Problems: State Government Grievance and Compliant Resolution Systems and Practices / Jessica E. Sowa  -? Part 3: The Issues ?- 18. Combating Discrimination and its Legacy: Affirmative Action and Diversity in the Public Sector / J. Edward Kellough -? 19. Gendered Organizations and Human Resource Management Practices that Foster and Sustain Gendered Norms / Sharon Mastracci &amp; Lauren Bowman -? 20. Veteran?s Preference and The Federals Service / Gregory B. Lewis -? 21. The Americans with Disabilities Act: Contradictions in Public Policy / Bonnie G. Mani -? 22. Ethics and Human Resource Management / Jonathan P. West -? 23. Public Sector Labor Issues: Rights, Retrenchment and Democracy / Patrice Mareschal &amp; Patricia Ciorici -? 24. Human Resource Management and Government Contracting / Sergio Fernandez &amp; Deanna Malatesta &amp; Craig Smith -? 25. Human Resource Management Issues with Social Media / Shannon H. Tufts &amp; Willow S. Jacobson -? Part 4: Prospects ?- 26. Public Sector Workplace Design: New Challenges and Future Dynamics / Katherine C. Naff -? 27. The Civil Service Under Siege / Richard C Kearney &amp; Jerrell D. Coggburn.</subfield>
  </datafield>
  <datafield tag="650" ind1=" " ind2="0">
   <subfield code="a">Civil service</subfield>
   <subfield code="z">United States</subfield>
   <subfield code="x">Personnel management.</subfield>
  </datafield>
  <datafield tag="700" ind1="1" ind2=" ">
   <subfield code="a">Kearney, Richard C.</subfield>
   <subfield code="e">editor.</subfield>
  </datafield>
  <datafield tag="700" ind1="1" ind2=" ">
   <subfield code="a">Coggburn, Jerrell D.</subfield>
   <subfield code="e">editor.</subfield>
  </datafield>
  <datafield tag="905" ind1=" " ind2=" ">
   <subfield code="a">FO</subfield>
  </datafield>
  <datafield tag="852" ind1="0" ind2=" ">
   <subfield code="a">UPBAG</subfield>
   <subfield code="b">GRC</subfield>
   <subfield code="h">JK 765 P82 2016</subfield>
  </datafield>
  <datafield tag="942" ind1=" " ind2=" ">
   <subfield code="a">Book</subfield>
  </datafield>
 </record>
</collection>
